The farm (Record no. 284045)
[ view plain ]
| 000 -LEADER | |
|---|---|
| fixed length control field | 02760nim a22004698i 4500 |
| 001 - CONTROL NUMBER | |
| control field | blz00009649 |
| 003 - CONTROL NUMBER IDENTIFIER | |
| control field | CtWfDGI |
| 005 - DATE AND TIME OF LATEST TRANSACTION | |
| control field | 20211118144527.0 |
| 007 - PHYSICAL DESCRIPTION FIXED FIELD--GENERAL INFORMATION | |
| fixed length control field | sd fsngnnmmned |
| 008 - FIXED-LENGTH DATA ELEMENTS--GENERAL INFORMATION | |
| fixed length control field | 140425t20142014orunnnn f n eng d |
| 020 ## - INTERNATIONAL STANDARD BOOK NUMBER | |
| International Standard Book Number | 9781478953128 |
| 020 ## - INTERNATIONAL STANDARD BOOK NUMBER | |
| International Standard Book Number | 9781478901341 (library ed.) |
| 028 01 - PUBLISHER NUMBER | |
| Publisher number | Z9649 |
| Source | Blackstone Audio |
| 040 ## - CATALOGING SOURCE | |
| Original cataloging agency | CtWfDGI |
| Language of cataloging | eng |
| Description conventions | rda |
| Transcribing agency | CtWfDGI |
| 050 14 - LIBRARY OF CONGRESS CALL NUMBER | |
| Classification number | PR6119.M586 |
| Item number | F37 2014d |
| 082 04 - DEWEY DECIMAL CLASSIFICATION NUMBER | |
| Classification number | 823/.92 |
| Edition number | 23 |
| 092 ## - LOCALLY ASSIGNED DEWEY CALL NUMBER (OCLC) | |
| Classification number | CDB |
| 098 14 - OTHER CLASSIFICATION SCHEMES (OCLC) | |
| Call number based on other classification scheme | V |
| -- | SMIT |
| -- | FAR |
| -- | L 649 |
| 100 1# - MAIN ENTRY--PERSONAL NAME | |
| Personal name | Smith, Tom Rob, |
| Relator term | author. |
| 9 (RLIN) | 56329 |
| 245 14 - TITLE STATEMENT | |
| Title | The farm |
| Medium | [sound recording] / |
| Statement of responsibility, etc | by Tom Rob Smith. |
| 250 ## - EDITION STATEMENT | |
| Edition statement | Unabridged. |
| 264 #1 - Production, Publication, Distribution, Manufacture, and Copyright Notice. | |
| Place of production, publication, distribution, manufacture | [Ashland, Oregon] : |
| Name of producer, publisher, distributor, manufacturer | Blackstone Audio, Inc. ; |
| Place of production, publication, distribution, manufacture | New York, NY : |
| Name of producer, publisher, distributor, manufacturer | Hachette Audio, |
| Date of production, publication, distribution, manufacture, or copyr | [2014] |
| 264 #4 - Production, Publication, Distribution, Manufacture, and Copyright Notice. | |
| Date of production, publication, distribution, manufacture, or copyr | ℗2014 |
| 300 ## - PHYSICAL DESCRIPTION | |
| Extent | 8 audio discs : |
| Other physical details | digital, CD audio ; |
| Dimensions | 4 3/4 in. |
| 336 ## - Content Type | |
| Content type term | spoken word |
| 337 ## - Media type | |
| Media type term | audio |
| 338 ## - Carrier type | |
| Carrier type term | audio disc |
| 500 ## - GENERAL NOTE | |
| General note | IN PROCESS RECORD. |
| 500 ## - GENERAL NOTE | |
| General note | Compact discs. |
| 500 ## - GENERAL NOTE | |
| General note | "Tracks every 3 minutes for easy bookmarking"--Container. |
| 511 0# - PARTICIPANT OR PERFORMER NOTE | |
| Participant or performer note | Read by James Langton and Suzanne Toren. |
| 520 ## - SUMMARY, ETC. | |
| Summary, etc | Until the moment he receives a frantic call from his father, Daniel believed his parents were headed into a peaceful, well-deserved retirement. They had sold their home and business in London and bid farewell to England, setting off to begin life anew on a remote, bucolic farm in rural Sweden. But with that phone call, everything changes. Your mother's not well, his father tells him. She's been imagining things--terrible, terrible things. She has had a psychotic breakdown and been committed to a mental hospital. Daniel prepares to rush to Sweden on the first available flight. Before he can board the plane, his father contacts him with even more frightening news: his mother has discharged herself from hospital, and he doesn't know where she is. Then his mother calls: "I'm sure your father has spoken to you. Everything that man has told you is a lie. I'm not mad. I don't need a doctor. I need the police. I'm about to board a flight to London. Meet me at Heathrow." Caught between his parents and unsure of who to believe or trust, Daniel becomes his mother's unwilling judge and jury as she tells him an urgent tale of secrets, lies, a horrible crime, and a conspiracy that implicates his own father. |
| 655 #7 - INDEX TERM--GENRE/FORM | |
| Genre/form data or focus term | Suspense fiction. |
| 9 (RLIN) | 5889660 |
| 655 #7 - INDEX TERM--GENRE/FORM | |
| Genre/form data or focus term | Audiobooks. |
| Source of term | lcgft |
| 9 (RLIN) | 5889661 |
| 700 1# - ADDED ENTRY--PERSONAL NAME | |
| Personal name | Langton, James, |
| Relator term | narrator. |
| 9 (RLIN) | 5889662 |
| 700 1# - ADDED ENTRY--PERSONAL NAME | |
| Personal name | Toren, Suzanne, |
| Relator term | narrator. |
| 9 (RLIN) | 62725 |
| 710 2# - ADDED ENTRY--CORPORATE NAME | |
| Corporate name or jurisdiction name as entry element | Hachette Audio (Firm) |
| 9 (RLIN) | 5695220 |
| 710 2# - ADDED ENTRY--CORPORATE NAME | |
| Corporate name or jurisdiction name as entry element | Blackstone Audio, Inc., |
| Relator term | publisher. |
| 9 (RLIN) | 5686062 |
| 942 ## - ADDED ENTRY ELEMENTS (KOHA) | |
| Koha item type | CD |
| Source of classification or shelving scheme | Dewey Decimal Classification |
| 945 ## - LOCAL PROCESSING INFORMATION (OCLC) | |
| c | (OCoLC)0879328608 |
| 948 ## - LOCAL PROCESSING INFORMATION (OCLC); SERIES PART DESIGNATOR (RLIN) | |
| Series part designator, SPT (RLIN) | 07/09/2014 |
| z (OCLC) | Sirsi |
| Withdrawn status | Lost status | Source of classification or shelving scheme | Materials specified (bound volume or other part) | Damaged status | Not for loan | Collection code | Home library | Current library | Shelving location | Date acquired | Source of acquisition | Cost, normal purchase price | Total Checkouts | Total Renewals | Full call number | Barcode | Date last seen | Date checked out | Cost, replacement price | Price effective from | Koha item type |
|---|---|---|---|---|---|---|---|---|---|---|---|---|---|---|---|---|---|---|---|---|---|
| Dewey Decimal Classification | .CIRCNOTE. 8 discs | Audiobooks | Wasatch County Library | Wasatch County Library | Second Floor | 07/09/2014 | Blackstone | 48.00 | 18 | 1 | CD Smi | 34301001299579 | 03/07/2024 | 03/10/2022 | 48.00 | 03/20/2020 | Audiobook on CD |
